<?xml version="1.0" encoding="UTF-8"?>
<record
    xmlns:xsi="http://www.w3.org/2001/XMLSchema-instance"
    xsi:schemaLocation="http://www.loc.gov/MARC21/slim http://www.loc.gov/standards/marcxml/schema/MARC21slim.xsd"
    xmlns="http://www.loc.gov/MARC21/slim">

  <leader>01618nam a22002057a 4500</leader>
  <controlfield tag="003">IT-MiCISF</controlfield>
  <controlfield tag="005">20250306115028.0</controlfield>
  <controlfield tag="008">180706b           ||||| |||| 00| 0 eng d</controlfield>
  <datafield tag="040" ind1=" " ind2=" ">
    <subfield code="c">IT-MiCISF</subfield>
  </datafield>
  <datafield tag="041" ind1=" " ind2=" ">
    <subfield code="a">it</subfield>
  </datafield>
  <datafield tag="100" ind1=" " ind2=" ">
    <subfield code="a">Fo&#xE0; Benedetta</subfield>
    <subfield code="9">56380</subfield>
  </datafield>
  <datafield tag="245" ind1=" " ind2=" ">
    <subfield code="a">Le doglie del ri-nascere.</subfield>
    <subfield code="b">Donne e uomini raccontano il dramma dell'aborto</subfield>
  </datafield>
  <datafield tag="260" ind1=" " ind2=" ">
    <subfield code="a">Cinisello B. (MI),</subfield>
    <subfield code="b">San Paolo,</subfield>
    <subfield code="c">2018</subfield>
  </datafield>
  <datafield tag="300" ind1=" " ind2=" ">
    <subfield code="a">pp. 143</subfield>
  </datafield>
  <datafield tag="500" ind1=" " ind2=" ">
    <subfield code="a">aborto, vissuto-aborto, gravidanza, vissuto-paternit&#xE0;, vissuto-maternit&#xE0;</subfield>
  </datafield>
  <datafield tag="520" ind1=" " ind2=" ">
    <subfield code="a">L'interruzione volontaria di gravidanza &#xE8; un tab&#xF9; di cui non si pu&#xF2; parlare. Uno stato delle cose che non cambia di molto anche nel caso di aborti spontanei. Ancora oggi le mamme e i pap&#xE0; in lutto non trovano ascolto. L'omert&#xE0; e il tab&#xF9; che sono strettamente legati all'evento li portano a vivere il loro dolore nella completa solitudine o incomprensione. Questo dolore a volte &#xE8; talmente forte da poterlo chiamare trauma e un trauma non elaborato porta a una sindrome chiamata stress post-aborto. In questo volume Benedetta Fo&#xE0; affronta questo tema cos&#xEC; delicato partendo dalle storie di donne e uomini che hanno vissuto il dramma dell'aborto in prima persona; testimonianze autentiche che raccontano il dolore, un dolore e una sofferenza necessari ma spesso vissuti in solitudine, senza il sostegno degli altri. Ma se il trauma esiste e va elaborato, esiste comunque una via di uscita, un modo per rinascere e rialzarsi e questo libro si propone di essere un importante aiuto sul percorso di guarigione.</subfield>
  </datafield>
  <datafield tag="650" ind1=" " ind2=" ">
    <subfield code="a">aborto</subfield>
    <subfield code="9">56077</subfield>
  </datafield>
  <datafield tag="654" ind1=" " ind2=" ">
    <subfield code="a">testimonianza</subfield>
  </datafield>
  <datafield tag="942" ind1=" " ind2=" ">
    <subfield code="2">ddc</subfield>
    <subfield code="c">BK</subfield>
  </datafield>
  <datafield tag="999" ind1=" " ind2=" ">
    <subfield code="c">357938</subfield>
    <subfield code="d">357938</subfield>
  </datafield>
  <datafield tag="952" ind1=" " ind2=" ">
    <subfield code="0">0</subfield>
    <subfield code="1">0</subfield>
    <subfield code="2">ddc</subfield>
    <subfield code="4">0</subfield>
    <subfield code="6">B_7474_000000000000000</subfield>
    <subfield code="7">1</subfield>
    <subfield code="a">CISF</subfield>
    <subfield code="b">CISF</subfield>
    <subfield code="d">2018-07-06</subfield>
    <subfield code="l">0</subfield>
    <subfield code="o">b7474</subfield>
    <subfield code="p">9788892213531</subfield>
    <subfield code="r">2018-07-06 00:00:00</subfield>
    <subfield code="w">2018-07-06</subfield>
    <subfield code="y">BK</subfield>
  </datafield>
</record>
